000 01716nab a2200253 i 4500
003 BR-BrBNA
005 20230821133610.0
008 230530b2020 bl.ar|pooa||| 00| 0 por |
040 _aBR-BrBNA
_bpor
072 _aH20
_b0311
100 _aMoura, José Inácio Lacerda
245 _aAnomalia da coroa do coqueiro
500 _aPublicação on-line; 5 ref.; 5 illus.; Summaries (En, Pt)
520 _aUma anomalia de agente etiológico ainda desconhecido vem aniquilando os coqueirais do sul da Bahia e em alguns estados do Nordeste do Brasil. A presente nota tem por objetivo fazer um breve descritivo da sintomatologia externa dos coqueiros afetados. Palavras-chave: Cocos nucifera, doença
520 _aCoconut crown anomaly. An anomaly of a still unknown etiologic agent has been annihilating the coconut palms of southern Bahia and some states in northeast Brazil. The purpose of this note is to provide a brief description of the external symptoms of affected coconut trees. Key words: Cocos nucifera, disease
650 _aCOCOS NUCIFERA
650 _aDOENÇA DE PLANTA
650 _aDISTÚRBIO
773 0 _01823
_96918
_dItabuna-BA Comissão Executiva do Plano de Lavoura Cacaueira 1989
_o2023-124816
_tAgrotrópica (Brazil)
_x0103-3816
_gv. 32(2) p. 157-162; (May-Aug 2020)
_wBR2023000596
856 _uhttps://www.gov.br/agricultura/pt-br/assuntos/ceplac/publicacoes/revista-agrotropica/artigos/2020-DOI-10.21757/0103-3816-2020v32n2p157-162.pdf
856 _uhttps://www.gov.br/agricultura/pt-br/assuntos/ceplac/publicacoes/revista-agrotropica/revista-volumes/2000-a-2010/revista-agrotropica-vol-32-no-2-2020.pdf
942 _cAnalítica
999 _c9251
_d9251